NFL: Top 25 Active Players: Sacks - Statistics

General Stats
  • This quiz has been taken 288 times
    27 since last reset
  • The average score is 15 of 26
Answer Stats
# Player Sacks % Correct
3 Myles Garrett 125.5
100%
5 T.J. Watt 115.0
100%
1 Von Miller 138.5
95%
10 Chris Jones 87.5
79%
23 Micah Parsons 65.0
79%
2 Cameron Jordan 132.0
74%
19 Maxx Crosby 69.5
74%
T16 Brian Burns 71.0
68%
4 Calais Campbell 117.0
68%
9 Cameron Heyward 92.0
68%
6 Danielle Hunter 114.5
68%
20 DeMarcus Lawrence 67.5
68%
13 Joey Bosa 77.0
68%
7 Khalil Mack 113.0
68%
24 Nick Bosa 64.5
68%
11 Trey Hendrickson 81.0
68%
T25 Leonard Williams 61.5
58%
T16 Preston Smith 71.0
58%
15 DeForest Buckner 71.5
53%
T25 Haason Reddick 61.5
42%
21 Jadeveon Clowney 66.5
37%
12 Brandon Graham 79.5
32%
14 Matthew Judon 72.0
26%
8 Jason Pierre-Paul 94.5
11%
18 Leonard Floyd 70.0
11%
22 Denico Autry 65.5
5%
No matching quizzes found
Score Distribution
Percent of People with Each Score
Percentile by Number Answered
Your Score History
You have not taken this quiz since the last reset